00750nam a2200169 a 450000100100000000500170001000800410002704000250006808200150009324501660010826000570027430000170033150000370034850501410038570000260052670000280055200002605620200930024250.0110228s1991 dr 000 0 spa d aDO-SdBNPbspacBNPHU axxxbR337g00aRegistro genealógico de ejemplares pura sangre de carrera en República Dominicana /cDirectores de la edición Miguel A. Santana R., Luis E. Arcalá Vidal. aSanto Domingo :bStud Book DominicanofTallerc1991. av. ;c25 cm. aLa biblioteca posee el volumen 11 aVol. 1 Arbol genealógico de sementales y madres pura sangre de carrera en la República Dominicana con sus productos desde 1948-1988.1 aSantana R., Miguel A.1 aArcalá Vidal, Luis E.